[Event "AUT-chT2O 0910"]
[Site "Austria"]
[Date "2010.04.17"]
[Round "10.4"]
[White "Weinzettl, Ernst"]
[Black "Pollreisz, Johann"]
[Result "1-0"]
[WhiteElo "2278"]
[BlackElo "1844"]
[PlyCount "51"]
[EventDate "2009.10.17"]
[EventType "team-tourn"]
[EventRounds "11"]
[EventCountry "AUT"]
[SourceTitle "EXT 2011"]
[Source "ChessBase"]
[SourceDate "2010.11.26"]
[SourceVersion "1"]
[SourceVersionDate "2010.11.26"]
[SourceQuality "1"]
[WhiteTeam "Poechlarn"]
[BlackTeam "Pamhagen"]
[WhiteTeamCountry "AUT"]
[BlackTeamCountry "AUT"]

1. e4 c5 2. Nf3 Nc6 3. d4 cxd4 4. Nxd4 Qb6 5. Nb3 e6 6. Nc3 a6 7. Bd3 Nf6 8. Qe2 Bb4 9. Bg5 Be7 10. e5 Nd5 11. Nxd5 exd5 12. Bxe7 Nxe7 13. 0-0-0 Qh6+ 14. Kb1 b5 15. h4 b4 16. Qg4 a5 17. Nd4 Nc6 18. Nf5 Nxe5 19. Rhe1 Qf6 20. f4 d6 21. fxe5 dxe5 22. Qg3 e4 23. Rxe4+ dxe4 24. Bb5+ Kf8 25. Qxg7+ Qxg7 26. Rd8# 1-0